banner-ar

مساجد مصر و اولياؤها الصالحون / (Record no. 60389)

MARC details
000 -الفاتح
حقل البيانات ثابتة الطول 01307nam a22003497a 4500
005 - وقت وتاريخ اخر تعامل مع التسجيلة
رقم الضبط 20240530110407.0
008 - عناصر البيانات ثابتة الطول - معلومات عامة
حقل البيانات ثابتة الطول 150204s2009 ua op f 000 0 ara d
017 ## - رقم الايداع القانونى
رقم الايداع القانونى 2009/21436
040 ## - مصدر الفهرسة
وكالة الفهرسة الأصلية EG-CaGPL
041 0# - رمز اللغة
رمز لغة النص/ المسارات الصوتية أو العنوان الانفرادي ara
082 04 - رقم تصنيف ديوى العشرى
رقم الطبعة 21
رقم التصنيف 726.2
رقم المادة ق/س م
100 0# - المدخل الرئيسى - إسم شخصى
الإسم الشخصى سعاد ماهر محمد
245 10 - بيان العنوان
العنوان مساجد مصر و اولياؤها الصالحون /
بيان المسئوليه,etc سعاد ماهر محمد
260 ## - PUBLICATION, DISTRIBUTION, ETC. (IMPRINT)
تاريخ النشر أو التوزيع 2009
300 ## - الوصف المادى
التعداد 5 ج :
تفاصيل ماديه اخرى للوعاء صور ؛
أبعاد الوعاء 28 سم
650 04 - المدخل الاضافى بالموضوع-مصطلح موضوعى
مصطلح موضوعي المساجد
التقسيم الفرعي العام مصر
650 04 - المدخل الاضافى بالموضوع-مصطلح موضوعى
مصطلح موضوعي مسجد ابو بكر الطرطوشى
التقسيم الفرعي الجغرافي الاسكندرية
650 04 - المدخل الاضافى بالموضوع-مصطلح موضوعى
مصطلح موضوعي الاضرحة
التقسيم الفرعي الجغرافي مصر
650 04 - المدخل الاضافى بالموضوع-مصطلح موضوعى
مصطلح موضوعي مسجد النبى دنيال
التقسيم الفرعي الجغرافي الاسكندرية
650 04 - المدخل الاضافى بالموضوع-مصطلح موضوعى
مصطلح موضوعي صلاة العيد
التقسيم الفرعي الزمني العصر الفاطمى
650 04 - المدخل الاضافى بالموضوع-مصطلح موضوعى
مصطلح موضوعي جامع الاقمر
650 04 - المدخل الاضافى بالموضوع-مصطلح موضوعى
مصطلح موضوعي السيدة نفيسة
التقسيم الفرعي العام جامع
650 04 - المدخل الاضافى بالموضوع-مصطلح موضوعى
مصطلح موضوعي الجامع العمرى
650 04 - المدخل الاضافى بالموضوع-مصطلح موضوعى
مصطلح موضوعي الامام الحسين
التقسيم الفرعي العام جامع
650 04 - المدخل الاضافى بالموضوع-مصطلح موضوعى
مصطلح موضوعي الازهر
التقسيم الفرعي العام جامع
650 04 - المدخل الاضافى بالموضوع-مصطلح موضوعى
مصطلح موضوعي عمرو بن العاص
التقسيم الفرعي العام جامع
650 04 - المدخل الاضافى بالموضوع-مصطلح موضوعى
مصطلح موضوعي المسجد النبوى
650 04 - المدخل الاضافى بالموضوع-مصطلح موضوعى
مصطلح موضوعي المساجد
التقسيم الفرعي العام تاريخ
650 04 - المدخل الاضافى بالموضوع-مصطلح موضوعى
مصطلح موضوعي العمارة الاسلامية
942 ## - عناصر المدخل الإضافي( كوها)
مصدر التصنيف او مخطط الترفيف Dewey Decimal Classification
Koha [default] item type كتاب
260 ## - PUBLICATION, DISTRIBUTION, ETC. (IMPRINT)
-- القاهرة :
-- المجلس الاعلى للشئون الاسلامية ،
Holdings
حالة التراجع حالة الفقد حالة تلف ليس للاعارة المكان المؤقت الموقع الحالى تاريخ الاكتساب اجمالي اﻻعارات رقم الطلب الباركود تاريخ اخر مشاهدة تاريخ تفعيل السعر نوع وعاء كوها
        مكتبة القاهرة الكبرى مكتبة القاهرة الكبرى 02/04/2015   726.2 ق/س م 159420 02/04/2015 02/04/2015 كتاب
        مكتبة القاهرة الكبرى مكتبة القاهرة الكبرى 02/04/2015   726.2 ق/س م 159421 02/04/2015 02/04/2015 كتاب
        مكتبة القاهرة الكبرى مكتبة القاهرة الكبرى 02/04/2015   726.2 ق/س م 159422 02/04/2015 02/04/2015 كتاب
        مكتبة القاهرة الكبرى مكتبة القاهرة الكبرى 02/04/2015   726.2 ق/س م 159423 02/04/2015 02/04/2015 كتاب
        مكتبة القاهرة الكبرى مكتبة القاهرة الكبرى 02/22/2015   726.2 ق/س م 159552 02/22/2015 02/22/2015 كتاب

Powered By

EGPV